|
|
|
|
| LEADER |
02107nam a2200565 i 4500 |
| 001 |
nkc20152709080 |
| 003 |
CZ PrNK |
| 005 |
20220126081013.0 |
| 007 |
ta |
| 008 |
150731s2015 xr a f 001 0 cze |
| 015 |
|
|
|a cnb002709080
|
| 020 |
|
|
|a 978-80-7419-186-2
|q (brožováno)
|
| 035 |
|
|
|a (OCoLC)920662837
|
| 040 |
|
|
|a ABA001
|b cze
|d OLA001
|e rda
|
| 041 |
0 |
|
|a cze
|b eng
|
| 072 |
|
7 |
|a 316.33
|x Ekonomická sociologie. Sociologie institucí, lidských sídel a komunit
|2 Konspekt
|9 18
|
| 080 |
|
|
|a 316.334.56
|2 MRF
|
| 080 |
|
|
|a 316.454.54
|2 MRF
|
| 080 |
|
|
|a 316.4.05-026.17
|2 MRF
|
| 080 |
|
|
|a 725.214
|2 MRF
|
| 080 |
|
|
|a (048.8)
|2 MRF
|
| 100 |
1 |
|
|a Pospěch, Pavel,
|d 1980-
|7 pna2014833452
|4 aut
|
| 245 |
1 |
0 |
|a Od veřejného prostoru k nákupním centrům :
|b svět cizinců a jeho regulace /
|c Pavel Pospěch
|
| 246 |
3 |
0 |
|a Svět cizinců a jeho regulace
|
| 250 |
|
|
|a Vydání první
|
| 264 |
|
1 |
|a Praha :
|b Sociologické nakladatelství (SLON),
|c 2015
|
| 300 |
|
|
|a 194 stran :
|b ilustrace ;
|c 23 cm
|
| 336 |
|
|
|a text
|b txt
|2 rdacontent
|
| 337 |
|
|
|a bez média
|b n
|2 rdamedia
|
| 338 |
|
|
|a svazek
|b nc
|2 rdacarrier
|
| 490 |
1 |
|
|a Studie ;
|v 114. svazek
|
| 504 |
|
|
|a Obsahuje bibliografii, bibliografické odkazy a rejstřík
|
| 546 |
|
|
|a Anglické resumé
|
| 650 |
0 |
7 |
|a veřejný prostor
|7 ph883825
|2 czenas
|
| 650 |
0 |
7 |
|a sociální interakce
|7 ph125790
|2 czenas
|
| 650 |
0 |
7 |
|a sociální kontrola
|7 ph239899
|2 czenas
|
| 650 |
0 |
7 |
|a nákupní centra
|7 ph314863
|2 czenas
|
| 650 |
0 |
9 |
|a public space
|2 eczenas
|
| 650 |
0 |
9 |
|a social interaction
|2 eczenas
|
| 650 |
0 |
9 |
|a social control
|2 eczenas
|
| 650 |
0 |
9 |
|a shopping centers
|2 eczenas
|
| 655 |
|
7 |
|a monografie
|7 fd132842
|2 czenas
|
| 655 |
|
9 |
|a monographs
|2 eczenas
|
| 830 |
|
0 |
|a Studie (Sociologické nakladatelství)
|0 s
|
| 910 |
2 |
|
|a BOA001
|b 2-1350.759
|
| 990 |
|
|
|a BK
|
| 995 |
|
|
|a 01
|
| 991 |
|
|
|b 201508
|c NOV
|e n
|
| 996 |
6 |
|
|b 2610641167
|c 2-1350.759
|l MZK
|r Sklad / do 1 hodiny
|n 5
|p p.v.
|w 001517026
|u 000010
|a 1
|e BOA001
|j MZK50
|s P
|
| 996 |
7 |
|
|b 2610641685
|c 2-1350.759
|l Vol.výběr
|r VV 0p
|n 10
|p kup
|h 316.4/.7 POS
|w 001517026
|u 000020
|a 0
|e BOA001
|j MZK50
|s A
|